000 00292nam a22001337a 4500
008 170413b xxu||||| |||| 00| 0 eng d
020 _a9780071716727
041 _aeng
080 _a618
100 _a10
101 _aSHM
245 _aWILLIAMS GYNECOLOGY
_cHOFFMAN.B.L
942 _2udc
_cBK
999 _c10619
_d10619